000
00334nam a2200133Ia 4500
008
240624s9999 xx 000 0 und d
041
_a
eng
082
_a
005.117 JAL
100
_a
JALLOUL GHINWA
245
_a
UML BY EXAMPLE
260
_c
2004
_a
Cambridge University Press,2004
300
_a
xxv, : 249 : p. : cm. ; 25
365
_c
_b
30
999
_c
9670
_d
9670